Biggest City per State Map Quiz - Statistics

General Stats
  • This quiz has been taken 58 times
  • The average score is 37 of 48
Answers on the Map
Answers color-coded by a green-red scale on the quiz's map according to % correct below.
 
Answer Stats
Answer % Correct
Los Angeles
98%
Honolulu
94%
Portland
92%
Seattle
92%
Anchorage
90%
Atlanta
90%
Chicago
90%
Houston
90%
Las Vegas
90%
New Orleans
88%
New York City
88%
Albuquerque
87%
Columbus
87%
Detroit
87%
Jacksonville
87%
Phoenix
87%
Denver
85%
Indianapolis
85%
Nashville
85%
Oklahoma City
85%
Boston
83%
Milwaukee
83%
Salt Lake City
83%
Birmingham
81%
Boise
81%
Minneapolis
79%
Omaha
79%
Philadelphia
79%
Kansas City
77%
Providence
75%
Baltimore
73%
Charlotte
73%
Des Moines
73%
Charleston
71%
Little Rock
71%
Louisville
71%
Newark
71%
Jackson
69%
Virginia Beach
69%
Billings
65%
Cheyenne
65%
Fargo
65%
Sioux Falls
65%
Wichita
62%
Manchester
56%
Burlington
54%
Bridgeport
52%
Wilmington
38%
No matching quizzes found
Score Distribution
Percent of People with Each Score
Percentile by Number Answered
Your Score History
You have not taken this quiz